| 000 | 00423nam a2200193Ia 4500 | ||
|---|---|---|---|
| 003 | 0100 | ||
| 008 | 130303s9999 xx 000 0 und d | ||
| 020 | _a0333262212 | ||
| 040 | _cARRUPELIB | ||
| 050 | _aHX44.L76 1979 | ||
| 100 | _aLuard, Evan | ||
| 245 | _aSocialism without the state | ||
| 260 | _aNew York | ||
| 260 | _bMacmillan Press | ||
| 260 | _C1979 | ||
| 300 | _a184p. | ||
| 300 | _b 22cm | ||
| 942 | 0 | 0 | _01 |
| 999 |
_c27128 _d27128 |
||